000 01053nam a22002177a 4500
999 _c58202
_d58202
003 Ge_BSU
005 20210913121802.0
008 210913s2020 ge ||||| |||| 00| 0 geo d
020 _a9789941488382
041 _ageo
080 _a001.815(072) მ-14
100 _aმაზმიშვილი, ნანა
_910691
245 _aმეთოდური მითითებები რეფერალური ნაშრომებისთვის :
_bდამხმარე სახელმძღვანელო /
_cნანა მაზმიშვილი; რედ. ნანა ცეცხლაძე.
264 _aბათუმი :
_bბსუ,
_c2020.
300 _a119 გვ.
_b20 სმ.
504 _aბიბლიოგრ. გვ. 118-119
653 _aრეფერაცული ნაშრიმების შედგენა
653 _aსახელმძღვანელო
700 _aცეცხლაძე, ნანა
_94739
_eრედაქტორი
942 _2udc
_cBK